BASIC FACTS ON MECHANICAL ENGINEERING (Record no. 575202)

000 -LEADER
fixed length control field 00279nam a22001217a 4500
020 ## - INTERNATIONAL STANDARD BOOK NUMBER
International Standard Book Number 81-7041-924-7
082 ## - DEWEY DECIMAL CLASSIFICATION NUMBER
Classification number 621 CHO'B
100 ## - MAIN ENTRY--PERSONAL NAME
Personal name CHOPRA, S.B
9 (RLIN) 67413
245 ## - TITLE STATEMENT
Title BASIC FACTS ON MECHANICAL ENGINEERING
260 ## - PUBLICATION, DISTRIBUTION, ETC.
Place of publication, distribution, etc. NEWYORK
Name of publisher, distributor, etc. ANMOL
Date of publication, distribution, etc. 1994
300 ## - PHYSICAL DESCRIPTION
Extent 294P
942 ## - ADDED ENTRY ELEMENTS (KOHA)
Koha item type Book
Holdings
Withdrawn status Lost status Damaged status Not for loan Permanent Location Current Location Shelving location Date acquired Total Checkouts Full call number Barcode Date last seen Price effective from Koha item type
        College of Electrical & Mechanical Engineering (CEME) College of Electrical & Mechanical Engineering (CEME) General Stacks 08/01/2017   621 CHO'B CEME-28988 06/28/2021 06/28/2021 Book
© 2023 Central Library, National University of Sciences and Technology. All Rights Reserved.